Analysis of the Financial Performance of a Business Entity

Finančná výkonnosť vybraného podnikateľského subjektu a odporúčania pre ďalšie smerovanie podniku.

Enregistré dans:
Détails bibliographiques
Auteur principal: Kudlová, Zuzana, 1986-
Format: Chapitre de livre
Langue:anglais
Sujets:
Tags: Ajouter un tag
Pas de tags, Soyez le premier à ajouter un tag!

MARC

LEADER 00000naa a2200000 4500
001 0280970
005 20241031115741.5
041 0 |a eng 
044 |a SK 
245 1 0 |a Analysis of the Financial Performance of a Business Entity  |c Zuzana Kudlová 
520 |a Finančná výkonnosť vybraného podnikateľského subjektu a odporúčania pre ďalšie smerovanie podniku. 
610 2 0 |a výkonnosť podniku 
610 2 0 |a výkonnosť finančná 
610 2 0 |a analýza finančná 
610 2 0 |a ukazovatele finančné 
610 2 0 |a podnik 
100 1 |a Kudlová, Zuzana, 1986-